| 000 | 00829nam a2200253 a 4500 | ||
|---|---|---|---|
| 001 | BRCA_5858 | ||
| 005 | 20190320205236.0 | ||
| 008 | 160311s1918----enka######---#000-0#eng-# | ||
| 041 | _aeng | ||
| 044 | _aenk | ||
| 050 | 4 |
_aTS547 _b.C56 1918 |
|
| 245 | 1 | 0 |
_aClock cleaning and repairing _bwith a chapter on adding quarter-chimes to a grandfather clock _cedited by Bernard E. Jones. |
| 260 |
_aLondres _bcassell _c1918 |
||
| 300 |
_a156 p. _bil., 97 láminas _c18 cm. |
||
| 440 | 0 |
_aCassell´s work handbooks _914839 |
|
| 500 | _aIncluye índice alfabético | ||
| 500 | _aEstado físico: portada desprendida y lomo deteriorado | ||
| 500 | _aCon ex-libris de: Edward C. Blessing | ||
| 500 | _aG47 | ||
| 650 | 1 | 4 |
_aRelojes _xReparación _914840 |
| 700 | 1 |
_aJones, Bernard E. _eEditor _914841 |
|
| 902 | _aGFM | ||
| 942 |
_2lcc _cB |
||
| 999 |
_c5547 _d5547 |
||